LEADER 00945nam a2200217 i 4500 001 000000179259 003 CaOOAMICUS 005 20090904000000.0 008 090904s1976 it u000 u ita u 013 $a156835 040 $aSeMil$bita 100 1 $aPoppi, Angelico <1928-2017>.$0(OLS)http://semarc/name/89177 245 12$aL'inizio del Vangelo :$bPredicazione del Battista. Battesimo e tentazione di Gesù /$cAngelico Poppi. 260 $aPadova :$bMessaggero,$c1976. 300 $a205 pag. ;$c19 cm. 490 0 $aConoscere il Vangelo ;$v4 830 0$aConoscere il Vangelo [Messaggero] ;$v4.$0(OLS)http://semarc/title/7650 850 $aSeMil 852 $aSeMil$W1$xVenegono$y1$m156 12 4 *$j130024$B130024$CSeMilBibl$Z2$F143981 $81 996 $6245$aL'inizio del Vangelo :$bPredicazione del Battista. Battesimo e tentazione di Gesù$9(OLS)http://semarc/title/257406 996 $6260$aPadova :$bMessaggero$9(OLS)http://semarc/publisher/29786 LEADER 01128nam a2200217 i 4500 001 000000001094 003 CaOOAMICUS 005 20180830125434.0 008 180830s1936 fr u000 u und u 040 $aSeMil$bita 100 1 $aMersch, Émile,$c.$0(OLS)http://semarc/name/928 245 13$aLe corps mystique du Christ :$bétudes de théologie historique /$cÉmile Mersch ; avec préface du R.P. Jules Lebreton. 250 $a2. édition revue, corrigée et considérablement augmentée. 260 $aParis :$bDesclée de Brouwer & Cie,$c1936. 300 $a2 v. ;$c24 cm. 650 4$aTeologia - Corpo mistico.$0(OLS)http://semarc/subject/369 700 1 $aLebreton, Jules .$0(OLS)http://semarc/name/89138 774 0 $tÉcriture, tradition grecque.$kMuseum Lessianum. Section théologique$gTome1$w()47022 774 0 $tTradition occidentale.$kMuseum Lessianum. Section théologique$gTome$w()211413 996 $6245$aLe corps mystique du Christ :$bétudes de théologie historique$9(OLS)http://semarc/title/1768 996 $6260$aParis :$bDesclée de Brouwer & Cie$9(OLS)http://semarc/publisher/30141